00794nam a22002057a 450000500170000000800410001702000180005804000250007604100080010104400070010910000300011624501090014626001090025530000290036450400500039365000440044365000390048765000380052670000240056420150109092812.0150108b2011 ck |||||r|||| 00| 0 spa d a9789589906996 aCO-BoIAVHcCO-BoIAVH aspa ack aFajardo, Ricardo Hernando1 aGuía Ambiental Sector Ganadería Bovina Departamento del Meta cRicardo Hernando, Fajardo... (et al.) aVillavicencio :bCorporación para el Desarrollo Sostenible La Macarena-CORMACARENA,bEcopetrol,c2011. a52 pagbFot (col)c28 cm aIncluye referencias bibliográficas (pag 52) 6aGanaderíaxPlanificación agrícola aGanaderíaxDesarrollo agrícola aGanaderíaxAspectos Ambientales aReyes, Julio Cesar